Luật công nghệ thông tin ; Luật tiêu chuẩn và quy chuẩn kỹ thuật

Giới thiệu những qui định chung của luật công nghệ thông tin, hai lệnh số 9 và 10 năm 2006. Ứng dụng và phát triển công nghệ thông tin, biện pháp bảo đảm, cách giải quyết tranh chấp và xử lý vi phạm, giải quyết khiểu nại, tố cáo,... và nhữn...

全面介紹

Đã lưu trong:
書目詳細資料
格式: 圖書
語言:Undetermined
出版: Hà Nội Lao động Xã hội 2006
主題:
標簽: 添加標簽
沒有標簽, 成為第一個標記此記錄!
Thư viện lưu trữ: Trung tâm Học liệu Trường Đại học Cần Thơ
LEADER 00960nam a2200181Ia 4500
001 CTU_110537
008 210402s9999 xx 000 0 und d
020 |c 14000 
082 |a 343.5970999 
082 |b L504 
245 0 |a Luật công nghệ thông tin ; Luật tiêu chuẩn và quy chuẩn kỹ thuật 
260 |a Hà Nội 
260 |b Lao động Xã hội 
260 |c 2006 
520 |a Giới thiệu những qui định chung của luật công nghệ thông tin, hai lệnh số 9 và 10 năm 2006. Ứng dụng và phát triển công nghệ thông tin, biện pháp bảo đảm, cách giải quyết tranh chấp và xử lý vi phạm, giải quyết khiểu nại, tố cáo,... và những điều khoản thi hành luật này. 
650 |a Computer law,Intangible property 
904 |i M.Loan 
980 |a Trung tâm Học liệu Trường Đại học Cần Thơ